[Event "World op 53rd"]
[Site "Philadephia"]
[Date "2025.07.05"]
[Round "5"]
[White "Cardoso Cardoso, Jose Gabriel"]
[Black "Petesch, Gabriel Nicholas"]
[Result "1-0"]
[WhiteElo "2532"]
[BlackElo "2291"]
[PlyCount "81"]
[EventDate "2025.07.03"]
[EventType "swiss"]
[EventRounds "9"]
[EventCountry "USA"]
[SourceTitle "CB28_2025"]
[SourceDate "2025.07.09"]
[SourceVersion "1"]
[SourceVersionDate "2025.07.09"]
[SourceQuality "1"]

1. e4 d6 2. d4 Nf6 3. Nc3 e5 4. Nf3 Nbd7 5. Bc4 Be7 6. 0-0 0-0 7. Re1 c6 8. a4 Qc7 9. Ba2 Re8 10. Ng5 Rf8 11. Nf3 Re8 12. h3 Nf8 13. Be3 Be6 14. Bxe6 Nxe6 15. d5 Nc5 16. Bxc5 dxc5 17. dxc6 bxc6 18. Qe2 Rab8 19. b3 Nd7 20. Nb1 Nf8 21. Nbd2 Ne6 22. c3 Nf4 23. Qf1 Red8 24. g3 Ne6 25. h4 h6 26. Rab1 g6 27. Nc4 Bf6 28. Qe2 Kg7 29. Qc2 Re8 30. Rbd1 Nf8 31. Rd3 Red8 32. Red1 Rxd3 33. Rxd3 Ne6 34. Qd1 Nf8 35. Kg2 Re8 36. h5 Re6 37. Rd6 Qb8 38. Rxe6 Nxe6 39. hxg6 Kxg6 40. Qd7 Nf8 41. Nfxe5+ 1-0